Normal view
MARC view
- Muhammad Umair
Entry Personal Name
001 - CONTROL NUMBER
- control field: 15695
003 - CONTROL NUMBER IDENTIFIER
- control field: NUST
005 - DATE AND TIME OF LATEST TRANSACTION
- control field: 20190627055251.0
008 - FIXED-LENGTH DATA ELEMENTS
- fixed length control field: 190627|| aca||aabn | a|a d
040 ## - CATALOGING SOURCE
- Original cataloging agency: NUST
- Transcribing agency: NUST
100 ## - HEADING--PERSONAL NAME
- Personal name: Muhammad Umair
670 ## - SOURCE DATA FOUND
- Source citation: Work cat.: (NUST): Muhammad Umair, Autonomous Aerial Motion Planning Using Image Processing / Computer Vision /, 2014.
